000 00374nam a2200157Ia 4500
005 20240904102002.0
008 240806s9999||||xx |||||||||||||| ||eng||
041 _aeng
082 _a160
_bMITI
100 _aDavid Mitchell
245 3 _aAn introduction to logic /
260 _bHutchinson University Library London
300 _a0
650 _aPhilosophy
942 _cBK
999 _c23849
_d23849